LIBRARY & INFORMATION CENTRE, KCAET, TAVANUR

ONLINE PUBLIC ACCESS CATALOGUE (OPAC)

Agriculture and waste management for sustainable future (Record no. 13734)

MARC details
000 -LEADER
fixed length control field 00403nam a22001457a 4500
003 - CONTROL NUMBER IDENTIFIER
control field OSt
008 - FIXED-LENGTH DATA ELEMENTS--GENERAL INFORMATION
fixed length control field 210913b ||||| |||| 00| 0 eng d
020 ## - INTERNATIONAL STANDARD BOOK NUMBER
ISBN 9789380235530
082 ## - DEWEY DECIMAL CLASSIFICATION NUMBER
Classification number 628.44
Item number SAN/AG
100 ## - MAIN ENTRY--AUTHOR NAME
Personal name Sannigrahi, Asoke Kumar
245 ## - TITLE STATEMENT
Title Agriculture and waste management for sustainable future
260 ## - PUBLICATION, DISTRIBUTION, ETC. (IMPRINT)
Place of publication New Delhi
Name of publisher New India Publishing Agency
Year of publication 2011
300 ## - PHYSICAL DESCRIPTION
Number of Pages 236 p
942 ## - ADDED ENTRY ELEMENTS (KOHA)
Koha item type Books
Holdings
Withdrawn status Lost status Damaged status Collection code Home library Current library Shelving location Date acquired Source of acquisition Cost, normal purchase price Full call number Accession Number Koha item type
      Non-fiction KAUAET KAUAET General Stacks 31/03/2012 International Books & Periodicals Supply Service, Delhi 895.00 628.44 SAN/AG 23401 Books
      Non-fiction KAUAET KAUAET General Stacks 17/05/2019   1600.00 628.44 SAN/AG 25788 Books
      General Books KAUAET KAUAET Scheme 27/07/2020 Aman Book stall 1600.00 628.44 SAN/AG BB 579 Book Bank scheme for SC students
        KAUAET KAUAET NAHEP-CAAST Project 07/09/2021   1600.00 628.44 SAN/AG 25995 Books
        KAUAET KAUAET NAHEP-CAAST Project 07/09/2021   1600.00 628.44 SAN/AG 25996 Books
free website counter